Súčasné medzinárodné monopoly

Saved in:
Bibliographic Details
Format: Book
Language:Slovak
Published: Bratislava Pravda 1980
Series:Knižnica politickej ekonómie
Tags: Add Tag
No Tags, Be the first to tag this record!

MARC

LEADER 00000nam a2200000 4500
001 c142175
005 20041019155324.0
041 0 |a slo 
044 |a SK 
245 1 0 |a Súčasné medzinárodné monopoly 
264 1 |a Bratislava  |b Pravda  |c 1980 
300 |a 312 s. 
490 1 |a Knižnica politickej ekonómie 
830 0 |a Knižnica politickej ekonómie